Dielo profesora Karvaša vo vzťahu k súčasnej ekonomickej situácii

Príspevok guvernéra Národnej banky Slovenska Jozefa Makúcha na medzinárodnej vedeckej konferencii Bratislavské právnické fórum 2013 organizovanej pri príležitosti 110. výročia narodenia prof. JUDr. Imricha Karvaša.

Enregistré dans:
Détails bibliographiques
Auteur principal: Makúch, Jozef, 1953-
Format: Chapitre de livre
Langue:slovaque
Sujets:
Tags: Ajouter un tag
Pas de tags, Soyez le premier à ajouter un tag!

MARC

LEADER 00000naa a2200000 4500
001 0179415
005 20240502073040.9
041 0 |a slo 
044 |a SK 
245 1 0 |a Dielo profesora Karvaša vo vzťahu k súčasnej ekonomickej situácii  |c Jozef Makúch 
520 |a Príspevok guvernéra Národnej banky Slovenska Jozefa Makúcha na medzinárodnej vedeckej konferencii Bratislavské právnické fórum 2013 organizovanej pri príležitosti 110. výročia narodenia prof. JUDr. Imricha Karvaša. 
610 2 0 |a veda ekonomická 
610 2 0 |a situácia hospodárska 
610 2 0 |a dejiny myslenia ekonomického 
610 2 0 |a životopisy 
610 2 0 |a Karvaš, I. 
100 1 |a Makúch, Jozef, 1953-